000 00842nam a2200229 a 4500
001 52895
003 BD-RjUL
005 20240513114026.0
008 160928s1968 bg ||||| |||| 00| f ben d
020 _c: Tk. 5.00
035 _a(BD-RjUL)53015
040 _aBD-RjUL
_bben
_cBD-RjUL
041 _aben
082 _223
_a891.443
_bSIZ 1968
100 _aসিদ্দিকী, আনিস
_9117069
245 1 0 _aযমুনার তীরে তীরে :
_b দিল্লী-আগ্রা ভ্রমণ কাহিনী /
_cআনিস সিদ্দিকী
260 _aঢাকা :
_bআদিল ব্রাদার্স,
_c১৯৬৮
300 _a২০৭ পৃ. ;
_c২১ সেমি.
650 _aবাংলা উপন্যাস
_9158139
650 _aBengali Fiction
_9158140
942 _2ddc
_cBK
999 _c52895
_d52895